Cellular and molecular immunology / (Record no. 63)

000 -LEADER
fixed length control field 04435cam a2200733 i 4500
001 - CONTROL NUMBER
control field 20050448
003 - CONTROL NUMBER IDENTIFIER
control field OSt
005 - DATE AND TIME OF LATEST TRANSACTION
control field 20241031120832.0
008 - FIXED-LENGTH DATA ELEMENTS--GENERAL INFORMATION
fixed length control field 171006t20182018paua b 001 0 eng c
010 ## - LIBRARY OF CONGRESS CONTROL NUMBER
LC control number 2017288897
016 7# - NATIONAL BIBLIOGRAPHIC AGENCY CONTROL NUMBER
Record control number 101712806
Source DNLM
020 ## - INTERNATIONAL STANDARD BOOK NUMBER
International Standard Book Number 9780323479783
Qualifying information (paperback)
020 ## - INTERNATIONAL STANDARD BOOK NUMBER
International Standard Book Number 0323479782
Qualifying information (paperback)
020 ## - INTERNATIONAL STANDARD BOOK NUMBER
International Standard Book Number 9780323523240
Qualifying information (International edition)
020 ## - INTERNATIONAL STANDARD BOOK NUMBER
International Standard Book Number 0323523242
Qualifying information (International edition)
035 ## - SYSTEM CONTROL NUMBER
System control number (OCoLC)ocn988944161
040 ## - CATALOGING SOURCE
Original cataloging agency NLM
Language of cataloging eng
Transcribing agency NLM
Description conventions rda
Modifying agency YDX
-- TFH
-- OCLCF
-- HEBIS
-- MBU
-- OHS
-- NRC
-- DLC
042 ## - AUTHENTICATION CODE
Authentication code pcc
050 00 - LIBRARY OF CONGRESS CALL NUMBER
Classification number QR185.5
Item number .A23 2018
060 00 - NATIONAL LIBRARY OF MEDICINE CALL NUMBER
Classification number 2017 G-731
060 10 - NATIONAL LIBRARY OF MEDICINE CALL NUMBER
Classification number QW 568
080 ## - UNIVERSAL DECIMAL CLASSIFICATION NUMBER
Universal Decimal Classification number 616-097
Item number A-12
082 00 - DEWEY DECIMAL CLASSIFICATION NUMBER
Classification number 616.07/97
Edition number 23
100 1# - MAIN ENTRY--PERSONAL NAME
Personal name Abbas, Abul K.,
Relator term author.
245 10 - TITLE STATEMENT
Title Cellular and molecular immunology /
Statement of responsibility, etc. Abul K. Abbas, MBBS, Andrew H. Lichtman, MD, PhD, Shiv Pillai, MBBS, PhD ; illustrations by David L. Baker, Alexandra Baker.
250 ## - EDITION STATEMENT
Edition statement Ninth edition.
260 ## - PUBLICATION, DISTRIBUTION, ETC.
Place of publication, distribution, etc. Philadelphia, PA
Name of publisher, distributor, etc. Elsevier,
Date of publication, distribution, etc. [2018]
264 #1 - PRODUCTION, PUBLICATION, DISTRIBUTION, MANUFACTURE, AND COPYRIGHT NOTICE
Place of production, publication, distribution, manufacture :
300 ## - PHYSICAL DESCRIPTION
Extent x, 565 pages :
Other physical details illustrations (chiefly color) ;
Dimensions 28 cm
336 ## - CONTENT TYPE
Content type term text
Content type code txt
Source rdacontent
337 ## - MEDIA TYPE
Media type term unmediated
Media type code n
Source rdamedia
338 ## - CARRIER TYPE
Carrier type term volume
Carrier type code nc
Source rdacarrier
365 ## - TRADE PRICE
Price amount 71.99 usd
500 ## - GENERAL NOTE
General note Properties and overview of immune responses -- Cells and tissues of the immune system -- Leukocyte circulation and migration into tissues -- Innate immunity -- Antibodies and antigens -- Antigen presentation to t lymphocytes and the functions of major histocompatibility complex molecules -- Immune receptors and signal transduction -- Lymphocyte development and antigen receptor gene rearrangement -- Activation of t lymphocytes -- Differentiation and functions of cd4+ effector t cells -- Differentiation and functions of cd8+ effector t cells -- B cell activation and antibody production -- Effector mechanisms of humoral immunity -- Specialized immunity at epithelial barriers and in immune privileged tissues -- Immunologic tolerance and autoimmunity -- Immunity to microbes -- Transplantation immunology -- Immunity to tumors -- Hypersensitivity disorders -- Allergy -- Congenital and acquired immunodeficiencies -- Cytokines -- Principal features of selected CD molecules -- Laboratory techniques commonly used in immunology.
504 ## - BIBLIOGRAPHY, ETC. NOTE
Bibliography, etc. note Includes bibliographical references and index.
520 ## - SUMMARY, ETC.
Summary, etc. "The top required and recommended immunology text worldwide, Cellular and Molecular Immunology by Drs. Abul K. Abbas, Andrew H.H. Lichtman, and Shiv Pillai, is a clear, well-written, and superbly illustrated introduction to the field. The 9th Edition retains a practical, clinical focus while updating and revising all content to ensure clarity and comprehension, bringing readers fully up to date with new and emerging information in this challenging area"--
Assigning source Publisher's description.
650 #0 - SUBJECT ADDED ENTRY--TOPICAL TERM
Topical term or geographic name entry element Cellular immunity.
650 #0 - SUBJECT ADDED ENTRY--TOPICAL TERM
Topical term or geographic name entry element Molecular immunology.
650 #0 - SUBJECT ADDED ENTRY--TOPICAL TERM
Topical term or geographic name entry element Antigens
General subdivision Immunology.
650 #0 - SUBJECT ADDED ENTRY--TOPICAL TERM
Topical term or geographic name entry element Lymphocytes
General subdivision Immunology.
650 12 - SUBJECT ADDED ENTRY--TOPICAL TERM
Topical term or geographic name entry element Immunity, Cellular.
Authority record control number or standard number https://id.nlm.nih.gov/mesh/D007111
650 22 - SUBJECT ADDED ENTRY--TOPICAL TERM
Topical term or geographic name entry element Antibody Formation
General subdivision immunology.
Authority record control number or standard number https://id.nlm.nih.gov/mesh/D000917Q000276
650 22 - SUBJECT ADDED ENTRY--TOPICAL TERM
Topical term or geographic name entry element Antigens
General subdivision immunology.
Authority record control number or standard number https://id.nlm.nih.gov/mesh/D000941Q000276
650 22 - SUBJECT ADDED ENTRY--TOPICAL TERM
Topical term or geographic name entry element Immune System Diseases.
Authority record control number or standard number https://id.nlm.nih.gov/mesh/D007154
650 22 - SUBJECT ADDED ENTRY--TOPICAL TERM
Topical term or geographic name entry element Lymphocytes
General subdivision immunology.
Authority record control number or standard number https://id.nlm.nih.gov/mesh/D008214Q000276
650 #7 - SUBJECT ADDED ENTRY--TOPICAL TERM
Topical term or geographic name entry element Antigens
General subdivision Immunology.
Source of heading or term fast
Authority record control number or standard number (OCoLC)fst01982466
650 #7 - SUBJECT ADDED ENTRY--TOPICAL TERM
Topical term or geographic name entry element Cellular immunity.
Source of heading or term fast
Authority record control number or standard number (OCoLC)fst00850281
650 #7 - SUBJECT ADDED ENTRY--TOPICAL TERM
Topical term or geographic name entry element Lymphocytes
General subdivision Immunology.
Source of heading or term fast
Authority record control number or standard number (OCoLC)fst01004305
650 #7 - SUBJECT ADDED ENTRY--TOPICAL TERM
Topical term or geographic name entry element Molecular immunology.
Source of heading or term fast
Authority record control number or standard number (OCoLC)fst01024811
650 #7 - SUBJECT ADDED ENTRY--TOPICAL TERM
Topical term or geographic name entry element Immunologie
Source of heading or term gnd
650 #7 - SUBJECT ADDED ENTRY--TOPICAL TERM
Topical term or geographic name entry element Molekularbiologie
Source of heading or term gnd
650 #7 - SUBJECT ADDED ENTRY--TOPICAL TERM
Topical term or geographic name entry element Zelluläre Immunität
Source of heading or term gnd
653 ## - INDEX TERM--UNCONTROLLED
Uncontrolled term იმუნოლოგია
653 ## - INDEX TERM--UNCONTROLLED
Uncontrolled term იმუნური სისტემა
653 ## - INDEX TERM--UNCONTROLLED
Uncontrolled term უჯრედული იმუნოლოგია
653 ## - INDEX TERM--UNCONTROLLED
Uncontrolled term მოლეკულური იმუნოლოგია
700 1# - ADDED ENTRY--PERSONAL NAME
Personal name Lichtman, Andrew H.,
Relator term author.
700 1# - ADDED ENTRY--PERSONAL NAME
Personal name Pillai, Shiv,
Relator term author.
700 1# - ADDED ENTRY--PERSONAL NAME
Personal name Baker, David L.
Titles and other words associated with a name (Medical illustrator),
Relator term illustrator.
700 1# - ADDED ENTRY--PERSONAL NAME
Personal name Baker, Alexandra,
Relator term illustrator.
906 ## - LOCAL DATA ELEMENT F, LDF (RLIN)
a 7
b cbc
c pccadap
d 2
e ncip
f 20
g y-gencatlg
942 ## - ADDED ENTRY ELEMENTS (KOHA)
Source of classification or shelving scheme
Koha item type Books
Edition 9
Holdings
Withdrawn status Lost status Source of classification or shelving scheme Damaged status Not for loan Permanent location Current location Date acquired Inventory number Full call number Barcode Date last seen Price effective from Koha item type Total Checkouts Date last checked out
          Ken Walker International University Ken Walker International University 11/05/2020 87 616-097 A-12 87 11/05/2020 11/05/2020 Books    
          Ken Walker International University Ken Walker International University 11/18/2020 1166 616-097 A-12 1166 11/18/2020 11/18/2020 Books    
          Ken Walker International University Ken Walker International University 11/18/2020 1145 616-097 A-12 1145 11/18/2020 11/18/2020 Books    
          Ken Walker International University Ken Walker International University 11/18/2020 1146 616-097 A-12 1146 11/07/2024 11/18/2020 Books 1 10/17/2024

Powered by Koha